000 02199nam a22002897a 4500
001 1258
005 20230809141458.0
008 230809b cb ||||| |||| 00| 0 khr d
020 _a9789995054670
040 _aFISKH
_beng
_cFISKH
_dFISKH
082 _a636.5
100 _aBounyavong, Douangkhe
245 _aសំពង្ស និងកូនទាទាំងប្រាំ /
_cនិពន្ធដោយ ដួងខែ ប៊ុនយ៉ាវង្ស ; គូររូបដោយ សិកូ មីឡាកុង ; បកប្រែពីភាសាអង់គ្លេសដោយ ម៉េង សុមនា
250 _aបោះពុម្ពលើកទី ១០​ កក្កដា ២០២២
260 _aPhnom Penh :
_bSipar,
_c2022.
300 _a31 pages :
_bcolor illustrations ;
_c27 cm
490 _aរឿងដំបូងៗ
505 _aK
520 _aសំពង្សចូលចិត្តញ៉ាំពងទារាល់ព្រឹក។ ម្ដាយរបស់គេបានទិញ​កូនទាប្រាំមួយក្បាលដើម្បីឲគេចិញ្ចឹមយកស៊ុត។ ប៉ុន្តែ ដោយសារតែការធ្វេសប្រហែសរបស់ខ្លួន គេត្រូវបាត់បង់កូនទាពីរ។ កំហុឆ្គងនេះបានបង្រៀនសំពង្សឲស្គាល់អ្វីដែលហៅថាកើតទុក្ខ ឲចេះអភ័យទោស និង​ឲយល់ពីអ្នកដ៏ទៃផងដែរ។
520 _aEvery morning, Sampong likes to eat duck eggs. His mother bought six ducklings to raise for their eggs but due to his negligence, he lost two ducklings. This mistake taught him to recognize what is called grief, to be forgiving, and to understand others.
521 _a510
_bLexile estimate
521 _aK
_bRaz-Plus
650 _aកូនទា​
_vការបាត់បង់​
_xក្រៀមក្រំ
650 _aDucklings
_vLose
_xSad
700 _aMilakong, Sikko
_cillustrator
942 _2ddc
_cBK
_n0
999 _c1258
_d1258